[Event "WchT Seniors 50"]
[Site "Prague"]
[Date "2020.03.09"]
[Round "4.22"]
[White "Muzzafar, Ahmad"]
[Black "Arnhold, Kerstin"]
[Result "1/2-1/2"]
[WhiteElo "1815"]
[BlackElo "1979"]
[PlyCount "62"]
[EventDate "2020.03.06"]
[EventType "team-swiss"]
[EventRounds "7"]
[EventCountry "CZE"]
[SourceTitle "CBM 195 Extra"]
[Source "ChessBase"]
[SourceDate "2020.05.31"]
[SourceVersion "1"]
[SourceVersionDate "2020.05.31"]
[SourceQuality "1"]
[WhiteTeam "Malaysia 50"]
[BlackTeam "Germany 50 (W) II"]
[WhiteTeamCountry "MAS"]
[BlackTeamCountry "GER"]

1. e4 c5 2. d4 cxd4 3. c3 d3 4. Bxd3 Nc6 5. c4 d6 6. h3 g6 7. Nf3 Bg7 8. 0-0 Nf6 9. Nc3 0-0 10. Be3 Nd7 11. Rc1 b6 12. a3 a5 13. Qd2 Nc5 14. Bc2 Ba6 15. b3 Rc8 16. Rfd1 Rb8 17. Rb1 Nd7 18. Nd5 a4 19. b4 Bxc4 20. Bxa4 b5 21. Rbc1 Nce5 22. Nxe5 Nxe5 23. Bc2 Ra8 24. Bb6 Qb8 25. Bd4 Bxd5 26. Bxe5 Bxe5 27. Qxd5 Rxa3 28. Bd3 Qa7 29. Bxb5 Rb8 30. Bc4 e6 31. Qc6 Qb7 1/2-1/2

[Event "BL2 Ost 1920 (Women)"]
[Site "Germany"]
[Date "2019.12.14"]
[Round "3.2"]
[White "Arnhold, Kerstin"]
[Black "Weimert, Miriam"]
[Result "1-0"]
[WhiteElo "1993"]
[BlackElo "1862"]
[PlyCount "79"]
[EventDate "2019.09.14"]
[EventType "team-tourn"]
[EventRounds "7"]
[EventCountry "GER"]
[SourceTitle "EXT 2021"]
[Source "ChessBase"]
[SourceDate "2020.10.23"]
[SourceVersion "1"]
[SourceVersionDate "2020.10.23"]
[SourceQuality "1"]
[WhiteTeam "Niederwiesa Gruen Weiss (W)"]
[BlackTeam "Leipzig Lindenau (W)"]
[WhiteTeamCountry "GER"]
[BlackTeamCountry "GER"]

1. e4 c5 2. Nf3 d6 3. d4 cxd4 4. Nxd4 Nf6 5. Nc3 a6 6. Bc4 e6 7. a3 Be7 8. 0-0 0-0 9. Be3 Nc6 10. Qe2 Ne5 11. Bb3 Qc7 12. h3 b5 13. f4 Nc6 14. Rad1 Nxd4 15. Bxd4 e5 16. Be3 Bb7 17. Nd5 Nxd5 18. Bxd5 Bxd5 19. Rxd5 Rac8 20. c3 f5 21. fxe5 fxe4 22. Rfd1 Rcd8 23. e6 Bf6 24. Bf4 Qb6+ 25. Kh1 Be7 26. Qxe4 Rfe8 27. Qd3 Bf6 28. Rxd6 Rxd6 29. Qxd6 Qa7 30. Qd7 Qa8 31. Qf7+ Kh8 32. Rd7 Rf8 33. Qh5 Qe4 34. Qg4 Re8 35. Ra7 Qb1+ 36. Kh2 Qxb2 37. Qh5 Rg8 38. e7 Bxe7 39. Rxe7 Qxa3 40. Qf7 1-0

[Event "BL2 Ost 1819 (Women)"]
[Site "Germany"]
[Date "2018.11.18"]
[Round "4.2"]
[White "Skibbe, Diana"]
[Black "Arnhold, Kerstin"]
[Result "1/2-1/2"]
[WhiteElo "2031"]
[BlackElo "2029"]
[PlyCount "61"]
[EventDate "2018.10.27"]
[EventType "team-tourn"]
[EventRounds "7"]
[EventCountry "GER"]
[SourceTitle "CBM 190 Extra"]
[Source "ChessBase"]
[SourceDate "2019.07.15"]
[SourceVersion "1"]
[SourceVersionDate "2019.07.15"]
[SourceQuality "1"]
[WhiteTeam "Zeulenroda Rochade (W)"]
[BlackTeam "Niederwiesa Gruen Weiss (W)"]
[WhiteTeamCountry "GER"]
[BlackTeamCountry "GER"]

1. e4 c5 2. Nf3 d6 3. d4 cxd4 4. Nxd4 Nf6 5. Nc3 a6 6. Bg5 e6 7. f4 Be7 8. e5 dxe5 9. fxe5 Nfd7 10. Bxe7 Qxe7 11. Nf3 Nc6 12. Qe2 0-0 13. 0-0-0 b5 14. Qe4 Bb7 15. Bd3 g6 16. Qf4 Nb4 17. Be4 Bxe4 18. Nxe4 Nd5 19. Qg3 Rac8 20. Kb1 Rc4 21. Nfd2 Rc6 22. Nb3 Qb4 23. Rd4 Rc4 24. Rhd1 Qe7 25. c3 f6 26. exf6 N7xf6 27. Nxf6+ Qxf6 28. a3 Qf5+ 29. Qd3 Ne3 30. Qxf5 exf5 31. Rg1 1/2-1/2

[Event "BL2 Ost 1819 (Women)"]
[Site "Germany"]
[Date "2018.10.28"]
[Round "2.1"]
[White "Schulz, Petra"]
[Black "Arnhold, Kerstin"]
[Result "1-0"]
[WhiteElo "2038"]
[BlackElo "2029"]
[PlyCount "89"]
[EventDate "2018.10.27"]
[EventType "team-tourn"]
[EventRounds "7"]
[EventCountry "GER"]
[SourceTitle "CBM 190 Extra"]
[Source "ChessBase"]
[SourceDate "2019.07.15"]
[SourceVersion "1"]
[SourceVersionDate "2019.07.15"]
[SourceQuality "1"]
[WhiteTeam "Leipzig Blauweiss Allianz (W)"]
[BlackTeam "Niederwiesa Gruen Weiss (W)"]
[WhiteTeamCountry "GER"]
[BlackTeamCountry "GER"]

1. e4 c5 2. Nf3 d6 3. d4 cxd4 4. Nxd4 Nf6 5. Nc3 a6 6. Bg5 e6 7. f4 Be7 8. Qf3 Qc7 9. 0-0-0 0-0 10. Bd3 Nbd7 11. Rhe1 Nc5 12. e5 Nxd3+ 13. Rxd3 dxe5 14. fxe5 Nd5 15. Bxe7 Nxe7 16. Qg3 Ng6 17. h4 f6 18. Nf3 Bd7 19. h5 Ne7 20. Nh4 fxe5 21. h6 g6 22. Red1 Bc6 23. Rd6 Nf5 24. Nxf5 exf5 25. Qxe5 Qf7 26. Nd5 Bxd5 27. R6xd5 Rae8 28. Qc3 Re7 29. Rd8 Rfe8 30. a4 Qf8 31. Qb3+ Qf7 32. Rxe8+ Rxe8 33. Rd7 Qxb3 34. cxb3 Re2 35. Rg7+ Kf8 36. Rxh7 Rxg2 37. Rxb7 Rh2 38. h7 f4 39. Kd1 f3 40. Ke1 g5 41. h8Q+ Rxh8 42. Rb8+ Kg7 43. Rxh8 Kxh8 44. a5 Kg7 45. b4 1-0

[Event "Regionalliga Ost 1718 (Women)"]
[Site "Germany"]
[Date "2018.02.18"]
[Round "5.1"]
[White "Kosovska, Olena"]
[Black "Arnhold, Kerstin"]
[Result "1-0"]
[WhiteElo "1880"]
[BlackElo "2030"]
[PlyCount "63"]
[EventDate "2017.10.15"]
[EventType "team-tourn"]
[EventRounds "5"]
[EventCountry "GER"]
[SourceTitle "CBM 183 Extra"]
[Source "ChessBase"]
[SourceDate "2018.04.19"]
[SourceVersion "1"]
[SourceVersionDate "2018.04.19"]
[SourceQuality "1"]
[WhiteTeam "Dresden Gruen Weiss (W)"]
[BlackTeam "Niederwiesa (W)"]
[WhiteTeamCountry "GER"]
[BlackTeamCountry "GER"]

1. e4 c5 2. Nc3 d6 3. f4 e6 4. Bc4 Nf6 5. d3 g6 6. Nf3 Bg7 7. 0-0 0-0 8. Qe1 Nc6 9. Qh4 a6 10. a3 d5 11. Bb3 dxe4 12. dxe4 b5 13. f5 exf5 14. Bg5 c4 15. Nd5 fxe4 16. Rad1 Qxd5 17. Rxd5 Nxd5 18. Qxe4 Be6 19. Ba2 Bxb2 20. h4 Rac8 21. Bb1 Nc3 22. Qe3 Nd5 23. Qe4 Nf6 24. Qe1 Ng4 25. c3 Bxa3 26. h5 Bc5+ 27. Kh1 Rfe8 28. Qh4 Be3 29. hxg6 fxg6 30. Be4 Bxg5 31. Nxg5 Re7 32. Nxe6 1-0

[Event "Regionalliga Ost 1718 (Women)"]
[Site "Germany"]
[Date "2018.01.28"]
[Round "4.1"]
[White "Arnhold, Kerstin"]
[Black "Kubikova, Hana"]
[Result "0-1"]
[WhiteElo "2030"]
[BlackElo "2050"]
[PlyCount "102"]
[EventDate "2017.10.15"]
[EventType "team-tourn"]
[EventRounds "5"]
[EventCountry "GER"]
[SourceTitle "CBM 183 Extra"]
[Source "ChessBase"]
[SourceDate "2018.04.19"]
[SourceVersion "1"]
[SourceVersionDate "2018.04.19"]
[SourceQuality "1"]
[WhiteTeam "Niederwiesa (W)"]
[BlackTeam "Rodewisch (W) II"]
[WhiteTeamCountry "GER"]
[BlackTeamCountry "GER"]

1. e4 c5 2. Nf3 e6 3. d4 cxd4 4. Nxd4 Nf6 5. Bd3 Nc6 6. Be3 d6 7. Nc3 Be7 8. 0-0 0-0 9. a3 Nxd4 10. Bxd4 e5 11. Be3 Be6 12. Qe2 a6 13. Rad1 b5 14. h3 Rc8 15. f4 Qc7 16. f5 Bc4 17. Qf3 Rfd8 18. Bxc4 Qxc4 19. Rf2 b4 20. axb4 Qxb4 21. Bc1 Rc4 22. Re2 Rdc8 23. Rd3 h6 24. g4 d5 25. Nxd5 Nxd5 26. Rxd5 Rxc2 27. Rxc2 Rxc2 28. Rd1 Rc4 29. f6 Qb6+ 30. Be3 Qxf6 31. Kg2 Qc6 32. Rd5 Rc2+ 33. Rd2 Rxd2+ 34. Bxd2 Qc2 35. Qc3 Qxe4+ 36. Kh2 Kh7 37. Be3 Bb4 38. Qb3 Kg8 39. Bf2 a5 40. Qd1 Qf4+ 41. Kg1 Bd2 42. Kg2 g6 43. Qe2 e4 44. Bg3 Qe3 45. Qb5 Qf3+ 46. Kh2 Bf4 47. Bxf4 Qxf4+ 48. Kg1 Qg3+ 49. Kf1 Qxh3+ 50. Ke1 Qe3+ 51. Kf1 Qd3+ 0-1

[Event "BL2 Sued 1617 (Women)"]
[Site "Germany"]
[Date "2017.01.21"]
[Round "3.3"]
[White "Henschel, Anke"]
[Black "Arnhold, Kerstin"]
[Result "1-0"]
[WhiteElo "2012"]
[BlackElo "2013"]
[PlyCount "109"]
[EventDate "2016.10.22"]
[EventType "team-tourn"]
[EventRounds "7"]
[EventCountry "GER"]
[SourceTitle "EXT 2018"]
[Source "ChessBase"]
[SourceDate "2017.10.13"]
[SourceVersion "1"]
[SourceVersionDate "2017.10.13"]
[SourceQuality "1"]
[WhiteTeam "Wadgassen/Differten (W)"]
[BlackTeam "Niederwiesa (W)"]
[WhiteTeamCountry "GER"]
[BlackTeamCountry "GER"]

1. e4 c5 2. Nf3 d6 3. Bb5+ Bd7 4. Bxd7+ Nxd7 5. 0-0 Ngf6 6. Re1 e6 7. c3 Be7 8. d4 e5 9. Nbd2 b5 10. Nf1 0-0 11. Ng3 Re8 12. Bg5 h6 13. Bc1 Bf8 14. d5 c4 15. Be3 Qc7 16. Nh4 Nc5 17. Bxc5 Qxc5 18. Qf3 Qc7 19. Nhf5 Qd8 20. Nf1 g6 21. Qg3 Nh5 22. Qg4 Qg5 23. Qxg5 hxg5 24. N5e3 Nf4 25. g3 Nd3 26. Re2 a5 27. a4 b4 28. cxb4 Nxb4 29. Nxc4 f5 30. f3 Kg7 31. Nfe3 Kf6 32. Nc2 Nd3 33. N2a3 g4 34. Rf1 gxf3 35. Rxf3 Nb4 36. Nb5 Red8 37. exf5 Nxd5 38. fxg6+ Kxg6 39. Rd2 Rac8 40. b3 Rc5 41. Nxa5 Bh6 42. Rd1 e4 43. Rff1 Ne3 44. Nb7 Nxd1 45. Rxd1 Be3+ 46. Kh1 Rd7 47. Nxc5 Bxc5 48. Kg2 e3 49. Nc3 Kf5 50. Kf3 Ke5 51. Nd5 Rf7+ 52. Nf4 Bd4 53. h4 d5 54. h5 Rf6 55. a5 1-0

[Event "BL 1516 (Women)"]
[Site "Germany"]
[Date "2015.12.05"]
[Round "3.2"]
[White "Osmanodja, Filiz"]
[Black "Arnhold, Kerstin"]
[Result "1-0"]
[WhiteElo "2309"]
[BlackElo "2019"]
[PlyCount "79"]
[EventDate "2015.09.26"]
[EventType "team-tourn"]
[EventRounds "11"]
[EventCountry "GER"]
[SourceTitle "EXT 2017"]
[Source "ChessBase"]
[SourceDate "2016.10.25"]
[SourceVersion "1"]
[SourceVersionDate "2016.10.25"]
[SourceQuality "1"]
[WhiteTeam "Friedberg (W)"]
[BlackTeam "Niederwiesa (W)"]
[WhiteTeamCountry "GER"]
[BlackTeamCountry "GER"]

1. e4 c5 2. d3 d6 3. g3 Nf6 4. Bg2 Nc6 5. f4 Bg4 6. Nf3 g6 7. c3 Bg7 8. h3 Bd7 9. 0-0 Qb6 10. Nbd2 0-0 11. Nc4 Qc7 12. Ne3 Rad8 13. g4 e6 14. Bd2 b5 15. Be1 c4 16. Bh4 Rc8 17. Rc1 Qb6 18. Qe2 d5 19. e5 cxd3 20. Qxd3 Ne4 21. Kh2 f6 22. Nxd5 exd5 23. Qxd5+ Kh8 24. Qxe4 f5 25. Qd5 fxg4 26. hxg4 Bxg4 27. Ng5 Qc7 28. Ne6 Bxe6 29. Qxe6 Nd8 30. Qd5 Nf7 31. e6 Nd6 32. e7 Rfe8 33. Bh3 Rb8 34. Rce1 b4 35. c4 Nf5 36. Bxf5 gxf5 37. b3 Qb6 38. Qxf5 Qh6 39. Qg5 Qa6 40. Rg1 1-0

[Event "BL2 Ost 1415 (Women)"]
[Site "Germany"]
[Date "2014.12.14"]
[Round "5.3"]
[White "Riemer Nlula, Marion"]
[Black "Arnhold, Kerstin"]
[Result "1-0"]
[WhiteElo "1905"]
[BlackElo "2032"]
[PlyCount "111"]
[EventDate "2014.09.27"]
[EventType "team-tourn"]
[EventRounds "7"]
[EventCountry "GER"]
[SourceTitle "CBM 166 Extra"]
[Source "ChessBase"]
[SourceDate "2015.06.18"]
[SourceVersion "1"]
[SourceVersionDate "2015.06.18"]
[SourceQuality "1"]
[WhiteTeam "Zeulenroda (W)"]
[BlackTeam "Niederwiesa (W)"]
[WhiteTeamCountry "GER"]
[BlackTeamCountry "GER"]

1. e4 c5 2. d4 cxd4 3. c3 d3 4. Bxd3 e6 5. Nf3 Nf6 6. 0-0 d6 7. Be3 Be7 8. Qc2 Nbd7 9. Nbd2 Qc7 10. Nd4 a6 11. N2f3 Nc5 12. Rfe1 Nxd3 13. Qxd3 0-0 14. Ne2 b5 15. Ng3 Bb7 16. Rac1 Rac8 17. b3 d5 18. e5 Ne4 19. Bd4 Qa5 20. Rc2 Rfd8 21. Nd2 Nxd2 22. Qxd2 b4 23. Rec1 h6 24. Ne2 Qb5 25. Be3 bxc3 26. Nxc3 Qb4 27. Qd4 Qxd4 28. Bxd4 f6 29. f4 fxe5 30. Bxe5 Ba3 31. Rd1 d4 32. Bxd4 Bc5 33. Bxc5 Rxd1+ 34. Nxd1 Be4 35. Rc3 Rd8 36. Nf2 Bb7 37. h3 Rd2 38. a3 Bd5 39. b4 Ra2 40. Rg3 Kf7 41. Ng4 Ra1+ 42. Kh2 Ra2 43. Bd4 Rd2 44. Ne5+ Kg8 45. Bc5 Ra2 46. Nd7 Bc6 47. Nb8 Bb5 48. Bd4 g5 49. fxg5 h5 50. g6 Rd2 51. Be5 h4 52. Rc3 Rd8 53. Rc7 Kf8 54. Rh7 Rd5 55. g7+ Kf7 56. Rh8 1-0

[Event "BL2 Ost 1314 (Women)"]
[Site "Germany"]
[Date "2014.02.15"]
[Round "4.4"]
[White "Arnhold, Kerstin"]
[Black "Beltz, Carmen"]
[Result "1-0"]
[WhiteElo "2016"]
[BlackElo "1940"]
[PlyCount "113"]
[EventDate "2013.11.30"]
[EventType "team-tourn"]
[EventRounds "7"]
[EventCountry "GER"]
[SourceTitle "EXT 2018"]
[Source "ChessBase"]
[SourceDate "2017.10.13"]
[SourceVersion "1"]
[SourceVersionDate "2017.10.13"]
[SourceQuality "1"]
[WhiteTeam "Niederwiesa Gruen Weiss (W)"]
[BlackTeam "Leipzig SG (W)"]
[WhiteTeamCountry "GER"]
[BlackTeamCountry "GER"]

1. e4 c5 2. Nf3 e6 3. d4 cxd4 4. Nxd4 a6 5. Bd3 Nc6 6. c3 Nf6 7. 0-0 Qc7 8. Nxc6 dxc6 9. f4 e5 10. fxe5 Qxe5 11. Bf4 Qc5+ 12. Kh1 Ng4 13. Qf3 Be6 14. b4 Qh5 15. Na3 b5 16. Nc2 c5 17. e5 Rc8 18. Be4 Be7 19. Bc6+ Kf8 20. bxc5 Bxc5 21. Nd4 Bf5 22. Qd5 Bxd4 23. Qd6+ Kg8 24. cxd4 g5 25. Bg3 Qg6 26. Rxf5 Rxc6 27. Qd8+ Kg7 28. Qxg5 Rhc8 29. Raf1 Nh6 30. Qxg6+ hxg6 31. R5f3 Nf5 32. d5 Rc2 33. R3f2 Rxf2 34. Bxf2 Rc2 35. d6 Rd2 36. g4 Nd4 37. Be3 Rd3 38. Bg5 Ne6 39. Bf6+ Kf8 40. Kg2 Ke8 41. h4 b4 42. h5 gxh5 43. gxh5 Rd2+ 44. Kg3 Rxa2 45. h6 Nf8 46. Rc1 Ra3+ 47. Kf4 Ne6+ 48. Ke4 Rh3 49. Bg7 b3 50. Rc8+ Kd7 51. Rb8 Rh4+ 52. Kd3 Nc5+ 53. Kc3 a5 54. Rb5 Rh3+ 55. Kc4 a4 56. Kxc5 a3 57. Rb7+ 1-0

[Event "BL2 West 0102 (Women)"]
[Site "Germany"]
[Date "2002.03.01"]
[Round "5.3"]
[White "Arnhold, Kerstin"]
[Black "Brandauer, Dorit"]
[Result "1-0"]
[WhiteElo "2031"]
[BlackElo "1874"]
[PlyCount "55"]
[EventDate "2001.10.27"]
[EventType "team-tourn"]
[EventRounds "7"]
[EventCountry "GER"]
[SourceTitle "EXT 2003"]
[Source "ChessBase"]
[SourceDate "2002.11.25"]
[SourceVersion "1"]
[SourceVersionDate "2002.11.25"]
[SourceQuality "1"]
[WhiteTeam "Rodewisch II"]
[BlackTeam "Halle II"]
[WhiteTeamCountry "GER"]
[BlackTeamCountry "GER"]

1. e4 d6 2. d4 Nf6 3. Nc3 g6 4. f4 Bg7 5. Nf3 0-0 6. e5 Nfd7 7. Ne4 dxe5 8. fxe5 c5 9. c3 Nc6 10. Be3 cxd4 11. cxd4 Nb6 12. Be2 Nd5 13. Qd2 Nxe3 14. Qxe3 Qb6 15. Qc3 Bg4 16. Ned2 Rac8 17. Nc4 Qc7 18. 0-0 Rfd8 19. Rad1 b5 20. Ne3 Bxf3 21. Bxf3 b4 22. Qc4 Nxe5 23. Qxb4 Nxf3+ 24. Rxf3 Qd6 25. Qb3 e6 26. d5 exd5 27. Nxd5 Rd7 28. Nf6+ 1-0

[Event "BL2 West 0102 (Women)"]
[Site "Germany"]
[Date "2001.12.02"]
[Round "4.2"]
[White "Arnhold, Kerstin"]
[Black "Hauer, Dorit"]
[Result "0-1"]
[WhiteElo "2031"]
[BlackElo "2049"]
[PlyCount "84"]
[EventDate "2001.10.27"]
[EventType "team-tourn"]
[EventRounds "7"]
[EventCountry "GER"]
[SourceTitle "EXT 2003"]
[Source "ChessBase"]
[SourceDate "2002.11.25"]
[SourceVersion "1"]
[SourceVersionDate "2002.11.25"]
[SourceQuality "1"]
[WhiteTeam "Rodewisch II"]
[BlackTeam "Leipzig VGG (W)"]
[WhiteTeamCountry "GER"]
[BlackTeamCountry "GER"]

1. e4 e6 2. d4 d5 3. exd5 exd5 4. Bd3 Nc6 5. Nf3 Bg4 6. Be3 Bd6 7. c3 Nge7 8. Nbd2 Qd7 9. Qc2 Bf5 10. 0-0 f6 11. b4 Bxd3 12. Qxd3 0-0 13. Nb3 b6 14. a4 Nd8 15. a5 Ne6 16. Nc1 c5 17. dxc5 bxc5 18. Qd2 Rab8 19. Nd3 d4 20. cxd4 cxb4 21. Qb2 Rfc8 22. Rfc1 Nd5 23. Qb3 Nc3 24. Rc2 Kf8 25. Nd2 Ne2+ 26. Kf1 N2xd4 27. Rxc8+ Rxc8 28. Qd5 Nc2 29. Rb1 Nxe3+ 30. fxe3 Rd8 31. Ke2 Nc7 32. Qe4 Nb5 33. Qxh7 Nc3+ 34. Kf2 Nxb1 35. Nxb1 Qf7 36. Nd2 Bc7 37. a6 b3 38. Ke2 Qd5 39. Qg6 b2 40. Nb1 Qb3 41. Nc5 Qc4+ 42. Nd3 Qc2+ 0-1

[Event "BL2 West 0102 (Women)"]
[Site "Germany"]
[Date "2001.10.27"]
[Round "1.2"]
[White "Espig, Gesine"]
[Black "Arnhold, Kerstin"]
[Result "0-1"]
[WhiteElo "2107"]
[BlackElo "2031"]
[PlyCount "70"]
[EventDate "2001.10.27"]
[EventType "team-tourn"]
[EventRounds "7"]
[EventCountry "GER"]
[SourceTitle "EXT 2003"]
[Source "ChessBase"]
[SourceDate "2002.11.25"]
[SourceVersion "1"]
[SourceVersionDate "2002.11.25"]
[SourceQuality "1"]
[WhiteTeam "Zeulenroda"]
[BlackTeam "Rodewisch II"]
[WhiteTeamCountry "GER"]
[BlackTeamCountry "GER"]

1. c4 e6 2. d4 Nf6 3. Nf3 b6 4. e3 Bb7 5. Bd3 Ne4 6. 0-0 Be7 7. Nbd2 f5 8. Qc2 Nxd2 9. Bxd2 Bxf3 10. gxf3 Nc6 11. a3 0-0 12. Kh1 Qe8 13. f4 Qh5 14. Qd1 Qxd1 15. Raxd1 Bf6 16. b4 Ne7 17. Rb1 Kf7 18. Rfc1 h6 19. c5 c6 20. b5 g5 21. fxg5 hxg5 22. cxb6 axb6 23. Bb4 Rh8 24. bxc6 Nxc6 25. Bd6 Be7 26. Bxe7 Kxe7 27. Rxb6 Rxa3 28. Bb5 Na7 29. Rb7 Nxb5 30. Rxb5 Rh7 31. Kg2 g4 32. Rb8 Ra2 33. Rg8 Kd6 34. Rc5 Rh3 35. Rgc8 Rxe3 0-1

[Event "GER-ch op (Women)"]
[Site "Rodewisch"]
[Date "2000.08.01"]
[Round "4"]
[White "Arnhold, Kerstin"]
[Black "Winter, Astrid"]
[Result "0-1"]
[WhiteElo "2025"]
[BlackElo "2150"]
[PlyCount "58"]
[EventDate "2000.07.29"]
[EventType "swiss"]
[EventRounds "9"]
[EventCountry "GER"]
[SourceTitle "CBM 077 Extra"]
[Source "ChessBase"]
[SourceDate "2000.09.14"]
[SourceVersion "1"]
[SourceVersionDate "2000.09.14"]
[SourceQuality "1"]

1. e4 c5 2. Nf3 e6 3. d4 cxd4 4. Nxd4 Nf6 5. Nc3 Nc6 6. a3 a6 7. Be2 Qc7 8. Be3 Be7 9. 0-0 0-0 10. Nxc6 bxc6 11. f4 d6 12. Bd3 e5 13. Bc4 Ng4 14. Qe2 Nxe3 15. Qxe3 exf4 16. Qd3 Bf6 17. Rad1 Bg4 18. Rd2 Qb6+ 19. Kh1 Qxb2 20. Na4 Qe5 21. Qxd6 Qh5 22. Qc5 Be5 23. Nb6 f3 24. g3 Rad8 25. Rxd8 Rxd8 26. Qe7 Bf6 27. Qc7 Bh3 28. Bxa6 Bg2+ 29. Kg1 Qc5+ 0-1

[Event "BL 9900 (Women)"]
[Site "Germany"]
[Date "2000.03.05"]
[Round "9.6"]
[White "Arnhold, Kerstin"]
[Black "Seidemann, Ulricke"]
[Result "1-0"]
[WhiteElo "2029"]
[BlackElo "2086"]
[PlyCount "59"]
[EventDate "1999.10.16"]
[EventType "team-tourn"]
[EventRounds "11"]
[EventCountry "GER"]
[SourceTitle "CBM 075 Extra"]
[Source "ChessBase"]
[SourceDate "2000.05.11"]
[SourceVersion "2"]
[SourceVersionDate "2000.05.11"]
[SourceQuality "1"]
[WhiteTeam "Rodewisch"]
[BlackTeam "Krefeld Turm"]
[WhiteTeamCountry "GER"]
[BlackTeamCountry "GER"]

1. e4 c5 2. Nf3 d6 3. d4 cxd4 4. Nxd4 Nf6 5. Nc3 a6 6. Bc4 e6 7. a3 Qc7 8. Bb3 Be7 9. 0-0 Nc6 10. Be3 0-0 11. f4 Na5 12. Qe2 b5 13. Rad1 Nxb3 14. Nxb3 Bb7 15. Bf2 Rac8 16. Rd3 d5 17. e5 Nd7 18. Rh3 Rfe8 19. Qh5 Nf8 20. Bd4 f5 21. exf6 Bxf6 22. Bxf6 gxf6 23. f5 exf5 24. Qxf5 Qb6+ 25. Kh1 Re5 26. Rg3+ Kh8 27. Qf4 Qe6 28. Nd4 Qe7 29. Nf5 Qc7 30. Nh6 1-0

[Event "BL 0001 (Women)"]
[Site "Germany"]
[Date "2000.??.??"]
[Round "2.5"]
[White "Winter, Astrid"]
[Black "Arnhold, Kerstin"]
[Result "1-0"]
[WhiteElo "2150"]
[BlackElo "2027"]
[PlyCount "95"]
[EventDate "2000.10.??"]
[EventType "team-tourn"]
[EventRounds "11"]
[EventCountry "GER"]
[SourceTitle "CBM 082 Extra"]
[Source "ChessBase"]
[SourceDate "2001.07.03"]
[SourceVersion "1"]
[SourceVersionDate "2001.07.03"]
[SourceQuality "1"]
[WhiteTeam "Krefeld Turm (W)"]
[BlackTeam "Rodewisch (W)"]
[WhiteTeamCountry "GER"]
[BlackTeamCountry "GER"]

1. e4 c5 2. Nf3 d6 3. d4 cxd4 4. Nxd4 Nf6 5. Nc3 a6 6. Be2 e6 7. Bg5 Be7 8. Qd2 Qc7 9. a4 Nbd7 10. 0-0 0-0 11. Kh1 b6 12. f4 Bb7 13. Bf3 Rac8 14. Qe3 Rfe8 15. Rfe1 h6 16. Bh4 Ng4 17. Bxg4 Bxh4 18. Re2 Bf6 19. Rd1 Qc4 20. f5 e5 21. Nb3 Rc6 22. a5 Nc5 23. Nd5 Bg5 24. Qf3 Nd7 25. axb6 Nf6 26. Nxf6+ Bxf6 27. Na5 Qb5 28. Nxc6 Qxc6 29. Qb3 Rb8 30. Bf3 Be7 31. Red2 Bc8 32. f6 gxf6 33. Qe3 Kh7 34. Qb3 Be6 35. Qe3 Rxb6 36. b3 Qc7 37. h3 Rc6 38. Qe2 a5 39. c4 Qb6 40. Qd3 Qb4 41. Ra1 Rb6 42. Bd1 Rb7 43. Bc2 Rb8 44. Rf2 Qc5 45. Qd2 Rb4 46. Raf1 Qb6 47. Rxf6 Bf8 48. Rxe6 1-0

[Event "BL 9900 (Women)"]
[Site "Germany"]
[Date "1999.10.17"]
[Round "2.5"]
[White "Sarana Hungeling, Oksana"]
[Black "Arnhold, Kerstin"]
[Result "1-0"]
[WhiteElo "2342"]
[BlackElo "2029"]
[PlyCount "93"]
[EventDate "1999.10.16"]
[EventType "team-tourn"]
[EventRounds "11"]
[EventCountry "GER"]
[SourceTitle "EXT 2000"]
[Source "ChessBase"]
[SourceDate "1999.11.16"]
[SourceVersion "1"]
[SourceVersionDate "1999.11.16"]
[SourceQuality "1"]
[WhiteTeam "Emsdetten Turm"]
[BlackTeam "Rodewisch"]
[WhiteTeamCountry "GER"]
[BlackTeamCountry "GER"]

1. e4 c5 2. Nf3 d6 3. Bb5+ Nd7 4. d4 cxd4 5. Qxd4 a6 6. Ba4 b5 7. Bb3 e6 8. 0-0 Ngf6 9. Bg5 Be7 10. Re1 0-0 11. Nbd2 Bb7 12. c4 b4 13. Bc2 Qc7 14. Rad1 Nc5 15. b3 e5 16. Qb2 Ne6 17. Bxf6 Bxf6 18. Nf1 Nf4 19. Ne3 Rfd8 20. Bb1 Bc8 21. Nd5 Nxd5 22. Rxd5 Bg4 23. Re3 Be6 24. Rd1 Qe7 25. Qd2 a5 26. Rd3 Bg4 27. Rxd6 Bxf3 28. gxf3 Rxd6 29. Qxd6 Rd8 30. Qxd8+ Qxd8 31. Rxd8+ Bxd8 32. c5 Kf8 33. Bd3 Ke7 34. Bc4 g6 35. Bd5 h6 36. Kf1 f5 37. Ke2 Kd7 38. Kd3 f4 39. Kc4 Bc7 40. Bf7 g5 41. Kd5 Ke7 42. Kc6 Kd8 43. Kb7 Kd7 44. Be6+ Kd8 45. Bg4 a4 46. bxa4 Ba5 47. Ka6 1-0

[Event "BL 9900 (Women)"]
[Site "Germany"]
[Date "1999.10.16"]
[Round "1.5"]
[White "Arnhold, Kerstin"]
[Black "Brendel, Bergit"]
[Result "1-0"]
[WhiteElo "2029"]
[BlackElo "2096"]
[PlyCount "83"]
[EventDate "1999.10.16"]
[EventType "team-tourn"]
[EventRounds "11"]
[EventCountry "GER"]
[SourceTitle "EXT 2000"]
[Source "ChessBase"]
[SourceDate "1999.11.16"]
[SourceVersion "1"]
[SourceVersionDate "1999.11.16"]
[SourceQuality "1"]
[WhiteTeam "Rodewisch"]
[BlackTeam "Holsterhausen"]
[WhiteTeamCountry "GER"]
[BlackTeamCountry "GER"]

1. e4 d6 2. d4 Nf6 3. Nc3 c6 4. f4 Qa5 5. Bd3 e5 6. Nf3 Bg4 7. dxe5 dxe5 8. h3 Bxf3 9. Qxf3 Nbd7 10. Bd2 Qc7 11. Ne2 Bd6 12. f5 Nc5 13. Bg5 0-0-0 14. 0-0-0 Qa5 15. Bxf6 gxf6 16. Nc3 b5 17. a3 b4 18. Nb1 bxa3 19. Nxa3 Kc7 20. Be2 Qa4 21. Bc4 Qb4 22. c3 Qa4 23. Qe2 Rb8 24. Rhe1 Nb3+ 25. Bxb3 Qxb3 26. Nb1 a5 27. Qc2 Qa2 28. c4 Bb4 29. Re3 a4 30. Red3 a3 31. Nxa3 Qa1+ 32. Nb1 Rhd8 33. Rxd8 Rxd8 34. Rxd8 Kxd8 35. Qd3+ Kc7 36. Kc2 Qa5 37. Qb3 Qc5 38. Nc3 Qf2+ 39. Kb1 Qe1+ 40. Ka2 c5 41. Nd5+ Kd8 42. Qa4 1-0

[Event "Aeskulap op 15th"]
[Site "Goerlitz"]
[Date "1998.??.??"]
[Round "4"]
[White "Arnhold, Kerstin"]
[Black "Bielicki, Birke"]
[Result "1/2-1/2"]
[WhiteElo "2020"]
[BlackElo "2180"]
[PlyCount "95"]
[EventDate "1998.03.??"]
[EventType "swiss"]
[EventRounds "7"]
[EventCountry "GER"]
[SourceTitle "EXT 1999"]
[Source "ChessBase"]
[SourceDate "1998.11.16"]
[SourceVersion "1"]
[SourceVersionDate "1998.11.16"]
[SourceQuality "1"]

1. e4 c5 2. Nf3 Nc6 3. d4 cxd4 4. Nxd4 Nf6 5. Nc3 e5 6. Ndb5 d6 7. Nd5 Nxd5 8. exd5 Nb8 9. c4 a6 10. Nc3 Be7 11. Bd3 0-0 12. 0-0 f5 13. f3 Bg5 14. Qe2 Nd7 15. Kh1 Kh8 16. b4 b6 17. Na4 Ra7 18. Be3 Bxe3 19. Qxe3 Rb7 20. Qe2 Nf6 21. Nc3 Re7 22. Qc2 g6 23. a4 a5 24. bxa5 bxa5 25. Rab1 Nd7 26. Qb2 Nc5 27. Bc2 Kg8 28. Nb5 Ba6 29. Qc3 Rb7 30. Rb2 Bxb5 31. Rxb5 Rxb5 32. cxb5 Qb6 33. Qd2 Kg7 34. Qg5 Rf7 35. h4 Nb7 36. h5 Qd4 37. h6+ Kf8 38. Rc1 Ke8 39. Bb3 Nc5 40. Rc4 Qf2 41. Kh2 Kd7 42. Bd1 Qa2 43. Qc1 Qf2 44. Qc3 f4 45. Qxa5 Rf5 46. Qa7+ Kd8 47. Qb8+ Ke7 48. Qa7+ 1/2-1/2